[Event "Astana m"]
[Site "Astana"]
[Date "2003.01.18"]
[Round "7"]
[White "Kortschnoj, Viktor Lvovich"]
[Black "Sadvakasov, Darmen"]
[Result "1/2-1/2"]
[WhiteElo "2642"]
[BlackElo "2523"]
[Annotator "Finkel,A"]
[PlyCount "100"]
[EventDate "2003.01.10"]
[EventType "match"]
[EventRounds "8"]
[EventCountry "KAZ"]
[SourceTitle "CBM 093"]
[Source "ChessBase"]
[SourceDate "2003.04.01"]
[SourceVersion "1"]
[SourceVersionDate "2003.04.01"]
[SourceQuality "1"]

1. e4 c5 2. Nf3 d6 3. d4 cxd4 4. Nxd4 Nf6 5. Nc3 a6 6. Bg5 e6 7. Qf3 {Quite
rare variation promising black good counterchances. It seems that Kortschnoi
wanted to drag his young opponent into unfamiliar territoty, but Sadvakasov
showed good understanding of sicilian defense and easily solved an opening
problems.} h6 8. Bh4 Nbd7 9. O-O-O Qc7 10. Be2 {White's plan is just too odd
to lead to advantage since white needs to push his pawns on the kingside to
cause black troubles, while white queen is just on their way.} (10. Qh3 Be7 (
10... b5 $6 11. Nxe6 $1 fxe6 12. Qxe6+ Be7 13. Bxb5 $1 Kd8 14. Qxe7+ Kxe7 15.
Nd5+ Kd8 16. Nxc7 Kxc7 17. Bxd7 Bxd7 18. Rd4 $14 {Milov,L-Ruck,R/Zalakaros 1993
}) 11. f4 b5 (11... Nc5 12. Bd3 b5 13. a3 Bb7 14. Rhe1 O-O-O 15. Bf2 Kb8 16.
Kb1 Rc8 $132 {Inkiov,V-Tringov,G/Plovdiv 1982}) (11... Rg8 {[%cal Gg7g5]} 12.
f5 e5 13. Nb3 b5 14. a3 Bb7 15. Bd3 O-O-O 16. Rhe1 Kb8 17. Kb1 Rc8 $132 {
Georgiev,K-Schmidt,W/Warsaw 1987}) 12. a3 g6 $5 13. e5 dxe5 14. fxe5 Nxe5 15.
Be2 Nd5 16. Bxe7 Qxe7 17. Nxd5 exd5 18. Qg3 $44 {Inkiov,V-Szekely,P/Pernik 1981
}) 10... Be7 11. Rhe1 (11. Qe3 b5 12. a3 (12. Bxf6 $6 Nxf6 13. f4 b4 14. Nb1
Bb7 15. Nd2 Rc8 16. Bd3 g6 $13 {Van Riemsdijk,H-Olafsson,H/Thessaloniki 1988})
12... Bb7 13. f4 Rc8 14. g4 Qb6 15. Qh3 Rxc3 16. Qxc3 Nxe4 $13 {Tal,
M-Bogdanovic,R/Sarajevo 1966}) 11... Rb8 $5 {[%cal Gb7b5] Simple and strong.
Black just wants to push b5.} (11... g5 12. Bg3 Ne5 13. Qe3 b5 (13... Rg8 14.
Nf3 b5 15. Qd4 Nfd7 16. Kb1 Rb8 17. a3 Rb6 $13 {Brito,L-Sunye Neto,J/Hastings
1980}) 14. a3 Rb8 15. f3 (15. f4 gxf4 16. Bxf4 b4 17. axb4 Rxb4 18. Nb3 Qb6 19.
Qxb6 {1/2-1/2 Ivanovic,B-Bukic,E/Pula 1991/TD (19)}) 15... Nfd7 16. f4 gxf4 17.
Bxf4 b4 18. axb4 Rxb4 19. Rf1 Qb6 20. b3 Ng6 $13 {Tal,M-Platonov,I/Alma-Ata
1968}) 12. Qh3 b5 13. f4 b4 14. Nb1 Bb7 {There is no need to enter
complications after} (14... Nxe4 $5 15. Bxe7 Kxe7 16. Bf3 (16. f5 $5) 16... d5
17. Bxe4 dxe4 18. Rxe4 Nf6 $13 {even though it seems that black keeps good
chances in this line too.}) 15. Nd2 Nc5 (15... g5 $2 16. Bxg5 $16 {[%cal Gh3h8]
}) 16. e5 dxe5 17. fxe5 Nd5 18. Bxe7 Qxe7 $13 {Black is ready for the actions
on the queenside.} 19. Bf3 O-O 20. Nc4 {[%cal Gc4a5,Gc4d6]} Ba8 {Trusting an
opponent! Not bad was} (20... Qg5+ $5 21. Kb1 Nf4 22. Qg3 Nxg2 (22... Qxg3 $2
23. hxg3 Nxg2 24. Re2 $18 {[%csl Rg2]}) 23. Rg1 Qxg3 24. hxg3 Bd5 $1 $15 {
and black is clearly better.}) 21. Qg3 Qc7 {[%cal Ga6a4,Gb4b3]} 22. Nd6 b3 $1
$36 {White is ready to play Nf5 so black has to act fast.} (22... a5 $2 23.
N4f5 $1 exf5 24. Nxf5 Ne6 25. Bxd5 Bxd5 26. Rxd5 $16) 23. Bxd5 Bxd5 $1 (23...
bxc2 $5 24. Rd2 (24. Nxc2 Bxd5 25. Qc3 Qb6 $36) 24... Bxd5 25. N4f5 (25. Rxc2
$2 Qa5 $17 {[%csl Ra2][%cal Gc5d3]}) 25... exf5 26. Nxf5 g6 27. Nxh6+ Kh7 28.
Ng4 f5 29. exf6 $5 (29. Nf6+ Rxf6 30. Qh4+ Kg8 31. Qxf6 Bxa2 32. Qxg6+ Qg7 33.
Qxg7+ Kxg7 34. Kxc2 $13) 29... Qxg3 30. hxg3 Bxa2 31. Rh1+ Kg8 32. Nh6+ $11)
24. axb3 (24. N4f5 $2 exf5 25. Nxf5 Ne6 26. Nxh6+ Kh7 $19) 24... Nxb3+ 25. Nxb3
Rxb3 26. Re3 Rxe3 27. Qxe3 Qa5 28. c4 $8 Bxg2 29. Qd2 $1 Qa1+ (29... Qxd2+ $6
30. Kxd2 f5 (30... g5 31. Ra1 Ra8 32. b4 Kg7 33. b5 axb5 34. Rxa8 Bxa8 35. cxb5
h5 36. b6 h4 37. Ke3 $16) 31. exf6 Rxf6 32. Ra1 Rf2+ 33. Kc3 $14) 30. Kc2 Qa4+
31. b3 Qc6 {Black is just a pawn, but Kotschnoi finds chances to complicate
matters.} (31... Qa3 $5) 32. Qe3 $1 {[%csl Ge4]} (32. Rg1 Be4+ 33. Kb2 Bg6 $17)
32... f5 33. exf6 Rxf6 34. Kb2 Bd5 $2 {Very unfortunate decision after which
white is out of danger due to the strong passer.} (34... a5 $17 {[%cal Ga5a4]})
35. Ne8 Qxe8 36. cxd5 Qd7 37. d6 $44 Rf5 38. Qb6 a5 39. Qc7 Rf2+ 40. Ka1 (40.
Ka3 $5 Qb5 41. Qc4 Qd7 42. Qa4 (42. Qc7 $11) 42... Qd8 43. Qc4 Qd7 $11) 40...
Rf7 41. Qxa5 Qc6 42. Kb2 Rf2+ 43. Rd2 (43. Ka3 $2 Qc2 44. d7 Qa2+ 45. Kb4 Rf4+
46. Kb5 Rf5+ 47. Kc4 Rxa5 48. d8=Q+ Kh7 $17) 43... Qxd6 44. Qa8+ Qf8 (44... Kh7
$2 45. Qe4+ Kg8 46. Rxf2 $18) 45. Qxf8+ Rxf8 46. b4 Rf3 $5 47. Kc2 Kf8 48. Rd7
Rh3 49. b5 Ke8 $8 {It wasn't too late to blunder.} (49... g5 $4 50. b6 Ke8 51.
b7 $18 {and white is winning.}) 50. Rxg7 Kd8 1/2-1/2

[Event "Valle d'Aosta op 11th"]
[Site "Saint Vincent"]
[Date "2003.02.12"]
[Round "5"]
[White "Kortschnoj, Viktor Lvovich"]
[Black "Atalik, Suat"]
[Result "0-1"]
[WhiteElo "2642"]
[BlackElo "2581"]
[Annotator "Atalik,S"]
[PlyCount "95"]
[EventDate "2003.02.08"]
[EventType "swiss"]
[EventRounds "9"]
[EventCountry "ITA"]
[SourceTitle "EXT 2004"]
[Source "ChessBase"]
[SourceDate "2003.11.25"]
[SourceVersion "1"]
[SourceVersionDate "2003.11.25"]
[SourceQuality "1"]

1. d4 Nf6 2. c4 e6 3. Nc3 Bb4 4. Qc2 O-O 5. Nf3 {A surprise.This variation was
quitted some time ago since it was thought that it does not provide white with
advantage.} c5 6. dxc5 Na6 7. g3 Nxc5 8. Bg2 Nce4 9. Bd2 $5 (9. O-O Nxc3 10.
bxc3 Be7 11. e4 d6 12. e5 dxe5 13. Nxe5 Qc7 14. Qe2 {used to be popular.} Nd7 (
14... Bd6 15. Bf4 Ne8 {For some reason people stopped playing this after
Karpov's 15...Ne8.However I am more afraid of the other line which is simply
equal.} 16. Qe4 f6 17. Nd3 Bxf4 18. Nxf4 Nd6 19. Qd4 e5 20. Nd5 $40) 15. Bf4
Nxe5 16. Bxe5 Bd6 17. Bxd6 Qxd6 18. Rfd1 Qc7 19. Rab1 Rb8 20. Qe3 b6 21. c5 Bd7
$11) 9... Nxd2 10. Nxd2 Rb8 $1 {The most accurate move.} 11. O-O b6 12. Nde4
Bb7 $146 (12... Nxe4 13. Bxe4 f5 {was already seen in Kortschnoj-Gelfand,
Tilburg(rapid) 1992.}) 13. Nxf6+ Qxf6 14. Bxb7 Bxc3 15. Be4 Bxb2 16. Rab1 Bd4
17. Bxh7+ Kh8 18. Be4 $13 {This position should not be dangerous for black
however caution is required by both sides.} Rbc8 19. Qa4 Rc7 20. e3 Bc5 21.
Rbd1 d6 22. Kh1 $5 {The first interesting move in the game.} (22. Kg2 g6 23. h4
Kg7 24. Rh1 Rh8 25. Bf3 $13) 22... g6 23. Qb3 Kg7 24. f4 {The plan behind
whites 22nd.} a5 25. Rf3 {Do not hurry!} (25. g4 Rh8 (25... g5 26. Rf3 Rh8 27.
h3 Rh4 28. Kg2 Rc8 29. Rdf1 Rf8 30. Qb5 {can be dangerous for black.}) 26. g5
Qe7 $11) 25... Bb4 $1 26. g4 Rh8 27. a3 Qc3 28. Qxc3+ Bxc3 29. Bd3 Bb2 30. a4
d5 $5 {I thought I am doing fine in the coming complications.} (30... Ba3 31.
Kg2 (31. f5 $6 Bc5 32. Kg2 (32. f6+ Kf8 33. g5 Rh4) 32... g5 33. fxe6 fxe6 34.
Rdf1 Rh6 $11) 31... Bc5 $11) 31. cxd5 exd5 32. Kg2 Rc1 33. Rxc1 Bxc1 34. f5 Re8
35. Kf2 gxf5 $6 (35... g5 36. f6+ Kg8 37. Rh3 Re6 38. Bf5 Rxf6 39. Rh5 d4 $1
40. Rxg5+ Kf8 41. Rh5 dxe3+ 42. Ke2 Rd6 $15 {was even better.}) 36. Bxf5 Rd8 (
36... Re7 37. Bd3 (37. h4 $6 {This is pretty dangerous.} b5 $1 38. axb5 a4 39.
Bc2 a3 40. Bb3 Rb7 $1 41. Bxd5 Rd7 42. Bc4 a2 43. Bxa2 Rd2+ 44. Ke1 Rxa2) 37...
f6 38. h4 Re5 39. Bf5 Bb2 40. Ke2 Bd4 41. Kd3 Bc5 42. e4 dxe4+ 43. Bxe4 Re8 $11
) 37. Bd3 Re8 38. h4 f6 39. Ke2 Re5 40. h5 d4 $1 $132 41. e4 Rc5 42. Rf1 Kf7
43. Ba6 Kg7 44. Kd3 Be3 45. Rb1 Rg5 $1 (45... Rc3+ $2 46. Ke2 Rc2+ 47. Kf3 Rf2+
48. Kg3 Ra2 49. Rxb6 Rxa4 50. e5 fxe5 51. g5 Kf8 52. Rb8+ (52. g6 Bh6 53. Kf3
Ra3+ $11) 52... Ke7 53. Rb7+ Kf8 54. g6 (54. Kg4 d3+ 55. Kf5 d2 56. Be2 Rf4+
57. Kg6 Rf2 58. Bd1 Rg2 59. h6 Bxg5 60. h7 Bd8+ 61. Kf5 Rh2 62. Kg6 Rg2+ $11)
54... Bh6 55. Kf3 $1 (55. Rh7 Bg7) 55... Ra3+ 56. Ke4 Re3+ 57. Kf5 d3 58. Bc4
$18) 46. e5 Rxe5 47. Rxb6 Bf2 48. Kc2 $4 {GM Kortschnoj immediately realised
that he blundered a rook with this and resigned.} (48. h6+ Kg6 $11 {is
immediately equal.}) (48. Kd2 Be3+ $1 (48... Be1+ $2 49. Kc2 Bc3 50. Rb7+ Kh6
51. Bd3 Re8 52. Rh7+ Kg5 53. Rg7+ Kf4 54. h6 $18) 49. Kd1 Rc5 50. Bd3 $11 {
Both sides can not improve their positions.} (50. Rb5 Re5) (50. Ke2 f5)) (48.
Kc2 $4 d3+ $19) 0-1

[Event "Vienna Millenium"]
[Site "Vienna"]
[Date "1996.08.15"]
[Round "7"]
[White "Kortschnoj, Viktor Lvovich"]
[Black "Ehlvest, Jaan"]
[Result "1/2-1/2"]
[WhiteElo "2635"]
[BlackElo "2660"]
[Annotator "Ribli,Z"]
[PlyCount "74"]
[EventDate "1996.08.09"]
[EventType "tourn"]
[EventRounds "9"]
[EventCountry "AUT"]
[EventCategory "18"]
[SourceTitle "CBM 055"]
[Source "ChessBase"]
[SourceDate "1996.12.01"]
[SourceVersion "1"]
[SourceVersionDate "1996.12.01"]
[SourceQuality "1"]

1. Nf3 Nf6 2. c4 e6 3. g3 d5 4. Bg2 dxc4 5. Qa4+ Nbd7 6. Qxc4 c5 7. Qb3 {
Ribli.Auf den ersten Blick ein sonderbarer Zug. Weiss verzögert die Rochade
und verhindert die normale Entwicklung des Gegners. Z.B. folgt auf 7...b6?8.
Ne5 Nd5 9.Bxd5 exd5 10.Qxd5.} (7. d3 $5) 7... Rb8 8. d3 Bd6 {Ribli. Schwarz
muss die Drohung Bf4 verhindern.} 9. a4 b6 10. Nc3 (10. Na3 a6 11. Nc4 Bc7 12.
Bd2 O-O 13. O-O Bb7 14. Rfc1 (14. Qa3 b5 15. axb5 axb5 16. Na5 Ba8 17. Rfc1 Bd6
18. b4 cxb4 19. Bxb4 Bxb4 20. Qxb4 $10 {Rukavina-Salov,Griechenland,1985.})
14... b5 (14... Qe7 15. Qa3 b5 16. Ba5 Bxa5 17. Nxa5 Bd5 18. axb5 axb5 19. e4
Ba8 20. Qc3 Rfc8 $10 {Nielsen,PH-Kiselev,S,Pinsk,1993,CBM38}) 15. axb5 axb5 16.
Na5 Bd5 17. Qc2 Ra8 18. b4 Bxa5 19. bxa5 {Das war in einer Partie Salov-Oll,
Wijk aan Zee,1993,CBM34,und jetzt 19...Ra6! 20.d4 c4 ist unklar.}) 10... a6 11.
O-O O-O (11... Bb7 12. Rd1 O-O 13. d4 Qe7 14. Bg5 h6 15. Bxf6 Nxf6 16. e3 Rfd8
17. Qc4 Rbc8 18. Qe2 cxd4 19. Nxd4 Be5 20. Bxb7 Qxb7 $10 {Kortschnoj-Cifuentes,
Polanica Zdroj,1992,CBM31.}) 12. d4 Bb7 13. Rd1 Qe7 14. Qc2 {Ribli.Weiss kann
jetzt 14.Bg5 spielen, das fuehrt zur Partie Kortschnoj-Cifuentes.} Rfd8 $10 15.
e4 cxd4 16. Nxd4 Be5 {Ribli.Schwarz hat vollen Ausgleich, auch Weiss hat
Schwaechen an seinen Damenfluegel.} 17. f3 {Ribli.Weiss befestigt seinen
Bauern und bereitet Be3 vor.} Nc5 18. Be3 Rbc8 19. Kh1 h6 20. Rac1 Qe8 21. Nde2
{Ribli.Weiss hat nichts besseres,alsVereinfachungen.} Rxd1+ 22. Rxd1 b5 $15 23.
axb5 axb5 24. Qd2 (24. Bd4 $2 Bxd4 25. Nxd4 (25. Rxd4 e5 26. Rb4 Na6 27. Rxb5
$2 Qxb5 $19) 25... b4) 24... b4 25. Na2 b3 26. Nac3 Na4 27. Bd4 $1 $10 Bxd4 28.
Qxd4 (28. Nxd4 Rd8 $1) 28... Nxb2 29. Rb1 Nc4 30. Rxb3 e5 {Ribli.Schwarz hat
theoretischen Vorteil. Dem weissen Laeufer auf g2 fehlt die rechte Perspektive,
zudem hat Weiß einige Schwaechen am Koenigsfluegel. Dennoch ist das nicht
genug fuer Schwarz. Mit ein Paar guten Zuegen kann Weiss die Stellung halten.}
31. Qa7 $1 Bc6 32. Rb1 Bd7 33. Rd1 Be6 34. Bf1 Rd8 35. Ng1 Rxd1 36. Nxd1 Qd8
37. Ne3 Nxe3 {Ribli.Nach 38.Qxe3 ist die Stellung "totremis".} 1/2-1/2

[Event "Madrid"]
[Site "Madrid"]
[Date "1996.05.08"]
[Round "1"]
[White "Kortschnoj, Viktor Lvovich"]
[Black "Gelfand, Boris"]
[Result "1/2-1/2"]
[WhiteElo "2645"]
[BlackElo "2700"]
[Annotator "Gelfand,B"]
[PlyCount "88"]
[EventDate "1996.05.08"]
[EventType "tourn"]
[EventRounds "9"]
[EventCountry "ESP"]
[EventCategory "17"]
[SourceTitle "CBM 053"]
[Source "ChessBase"]
[SourceDate "1996.08.01"]
[SourceVersion "1"]
[SourceVersionDate "1996.08.01"]
[SourceQuality "1"]

1. d4 {Lutz} d5 2. c4 c6 3. Nf3 Nf6 4. Nc3 e6 5. e3 Nbd7 6. Bd3 dxc4 7. Bxc4 b5
8. Bd3 a6 9. e4 c5 10. e5 cxd4 11. Ne4 (11. Nxb5) 11... Nd5 12. O-O h6 (12...
Be7 {Lutz} 13. Re1 h6 14. a4 bxa4 15. Rxa4 Nc5 16. Rxd4 Nxd3 17. Qxd3 Bb7 18.
Nfd2 O-O 19. Nc4 f5 20. exf6 Bxf6 21. Nxf6+ Qxf6 22. Qd2 Nb4 23. Ne5 Nc6 $10 {
1/2-1/2 Comas Fabrego,L-Kortschnoj,V/Pamplona 9495 ;CBM 46 1995 (30)}) 13. a4
b4 14. Bc4 (14. a5 Bb7 15. Re1 Be7 16. Bc4 Nc5 17. Qxd4 Nxe4 18. Qxe4 Qd7 {
Bronstein,D-Dorfman,I,75,USSR-ch}) (14. Re1 Bb7 15. Bc2 Nc5 16. Qxd4 Nxe4 17.
Qxe4 Rc8 18. a5 Bc5 19. Bb3 Kf8 20. Bd2 g6 21. h4 Rc7 22. Qg4 Qa8 23. Bxd5 Bxd5
24. Bxb4 Bxb4 25. Qxb4+ Kg7 26. Qf4 $16 {1-0 Bernal Caaman,J-San Segundo,P/
ESP-chT ;EXT 94ch 1994 (49)}) 14... Bb7 (14... N5b6 $5) 15. Qxd4 (15. a5 $5 Qb8
{Lutz} 16. Qxd4 Qa7 17. Qd3 $2 (17. Rd1 $5) 17... Nc5 18. Nxc5 Bxc5 19. Qe2 Rd8
20. Bd3 Ne7 21. Be4 Bxe4 22. Qxe4 Rd5 $15 {1/2-1/2 Larsen,S-Wilson,J/Hastings
Challengers 9596 (10) ;EXP 50 1995 (64)}) 15... Qb6 (15... Rc8 16. a5 Nc5 17.
Nd6+ Bxd6 18. exd6 O-O 19. Bd2 $14) 16. Rd1 $1 (16. Qxb6 N5xb6 17. Bd3 Nc5 $10)
(16. Qd3 Nc5 17. Nxc5 Bxc5) 16... Rc8 17. a5 Qxd4 18. Rxd4 Nc5 (18... f6 19.
exf6 (19. Nd6+ Bxd6 20. exd6 O-O 21. Bd2 $14) 19... gxf6 20. Bd2 f5 21. Ng3 Bg7
22. Bxd5 (22. Rh4 $13) 22... Bxd5 23. Rxd5 exd5 24. Nxf5 $44) 19. Nd6+ Bxd6 20.
exd6 O-O (20... f6 $5 {Huzman,A} 21. Bd2 Kd7 22. Rc1 Bc6 $5 $13 (22... g5 $5))
21. Bd2 (21. Be3 Rfd8 22. Bxd5 (22. Rc1 $2 Nxe3 23. fxe3 Nb3 $1) 22... Bxd5 23.
Rxb4 Nb7 $1 (23... Rxd6 24. Rc1 Rdc6 25. Nd4 R6c7 26. Bf4 Rd7 27. Rb6 $16) 24.
Bf4 Nxd6 25. Rb6 Nc4 26. Rxa6 Nxb2 $10) 21... Rfd8 22. Rc1 (22. Ne5 Rxd6 23.
Bxb4 Rdd8 24. Bxc5 (24. Be1 f6 25. Nd3 Nxd3 26. Bxd3 e5 27. Rc4 Nf4 $10) 24...
Rxc5 25. b4 Rcc8 26. b5 axb5 27. Bxb5 $14) 22... Rxd6 23. Bxb4 Rdc6 (23... Nxb4
24. Rxd6 Ncd3 25. Rc3 Nxb2 26. Bd3 $3 $18 (26. Rb6 Nd5)) 24. Bxd5 exd5 25. Rxd5
Rg6 (25... Ne6 $1 26. Rxc6 Bxc6 27. Rd1 Bxf3 28. gxf3 Rc2 29. Ba3 Nf4 $14) 26.
Nh4 (26. Ne5 Rxg2+ 27. Kxg2 Bxd5+ 28. Kg1 Re8) 26... Bxd5 27. Nxg6 fxg6 28.
Bxc5 g5 29. h3 Bb3 30. Rc3 Ba4 31. b4 Bb5 32. Rc1 Kf7 33. Rd1 Re8 34. Rd6 (34.
Kh2 $14 {/\f3,Kg3,h4}) 34... Re6 35. Rb6 Rxb6 36. axb6 Bc6 37. g4 g6 38. Bd4
Ke6 39. Bg7 h5 40. Bh6 hxg4 41. hxg4 Bf3 42. Kh2 (42. Bxg5 Kd7 $10) 42... Kf6
43. Kg3 Bb7 44. Bf8 Ke6 1/2-1/2

[Event "Hoogeveen Essent Crown"]
[Site "Hoogeveen"]
[Date "2001.10.19"]
[Round "5"]
[White "Kortschnoj, Viktor Lvovich"]
[Black "Van Wely, Loek"]
[Result "0-1"]
[WhiteElo "2639"]
[BlackElo "2714"]
[Annotator "Ribli,Z"]
[PlyCount "78"]
[EventDate "2001.10.14"]
[EventType "tourn"]
[EventRounds "6"]
[EventCountry "NED"]
[EventCategory "16"]
[SourceTitle "CBM 086"]
[Source "ChessBase"]
[SourceDate "2002.02.05"]
[SourceVersion "1"]
[SourceVersionDate "2002.02.05"]
[SourceQuality "1"]

1. d4 Nf6 2. c4 e6 3. g3 {Dieser Zug ist eigentlich eine Einladung zur
Katalanischen Verteidigung (3...d5).} c5 4. Nf3 {Die prinzipielle Fortsetzung
wäre 4.d5, aber hier müte Weiß neben 4...exd5 5.cxd5 d6 (Benoni Verteidigung)
auch mit 4...exd5 5.cxd5 b5!? rechnen.} cxd4 5. Nxd4 Qc7 {Das ist eine (gute)
Möglichkeit für Schwarz. Die Alternativen sind - 5...Qa5+, 5...a6, 5...Bb4+, 5.
..Nc6, 5...Qb6.} 6. Nd2 (6. b3) (6. Qd3) 6... Nc6 7. Nb5 Qb8 (7... Qb6 $6 {
Die Dame steht unglücklich auf b6.} 8. Bg2 a6 (8... d5 $5) 9. Nc3 Be7 10. O-O
O-O 11. Na4 Qa5 12. c5 $16) 8. Bg2 a6 {Das ist eine logische Spielweise -
anschließend bekommt er durch b7 - b5 aktives Spiel am Damenflügel.} (8... Be7
9. O-O O-O 10. Nc3 Rd8 11. Nde4 Nxe4 12. Nxe4 d6 $11) 9. Nc3 b5 10. O-O (10.
cxb5 $6 axb5 11. Nde4 Nxe4 12. Nxe4 d5 13. Nd2 Be7 14. Nb3 O-O 15. O-O Rd8 16.
Be3 Bd7 17. Bc5 Bf6 18. Qc2 Rc8 19. Qb1 Na5 20. Nxa5 Rxc5 $15) 10... Be7 11. a3
{Das ist interessant - Kortschnoj war früher mit 11.e4 erfolgreich, jetzt aber
wählt er eine andere Fortsetzung.} (11. e4 O-O 12. b3 Bb7 13. Bb2 Ne5 14. Qe2
bxc4 15. bxc4 d6 16. f4 Ned7 17. Ba3 Qa7+ 18. Kh1 Nc5 19. Nb3 Rad8 20. Nxc5
dxc5 21. Rab1 Ba8 22. e5 {1-0 Kortschnoj,V-Kavalek,L/Ceska Trebova 1997/EXT 98
(38)}) (11. c5 $5 {Dieses Bauernopfer verschafft Weiß zwar positionellen Druck
am Damenflügel - die Frage ist aber, ob die Kompensation ausreichend ist oder
nicht.} Bxc5 12. Nde4 Nxe4 13. Nxe4 Bb6 (13... Be7 14. Bf4 e5 15. Be3 O-O 16.
Nc3 $14 {[%csl Yd5][%cal Gc3d5]}) 14. Bf4 Bc7 15. Bxc7 Qxc7 16. Rc1 $44 (16.
Nd6+ $6 Ke7 $17)) 11... O-O 12. Rb1 (12. b4 Bb7 13. Bb2 bxc4 14. Nxc4 d5 15.
Nb6 Ra7 16. Nca4 Rd8 17. Qb3 Ne5 18. Rfd1 Bc6 19. Rac1 Bb5 20. Nc8 Rxc8 21.
Bxe5 Qb7 22. Bd4 Raa8 23. Bf3 Ne4 {0-1 Rastenis,G-Gurevich,D/Chicago 1993/EXT
97 (37)}) 12... Rd8 {Schwarz möchte 13...bxc4 und 14...d5 ziehen, mit Vorteil
im Zentrum.} (12... bxc4 13. Nxc4 d5 14. Bf4 Qa7 $11 (14... e5 15. Nxd5 exf4
16. Nxf6+ (16. Na5 Nxa5 17. Nxe7+ Kh8 18. Bxa8 Qxa8 $17) 16... Bxf6 17. Bxc6
Bh3 18. Re1 Rc8 19. Bd5 Ra7 $13)) 13. e4 (13. b4 bxc4 14. Nxc4 d5 $15) 13...
Bb7 (13... b4 14. axb4 Bxb4 $11) 14. Qe2 b4 15. axb4 Bxb4 $11 {Schwarz hat
eine bequeme Stellung. Weiß kontrolliert zwar mehr Raum, aber die Entwicklung
des Bc1 bereitet Probleme.} 16. Na4 {[%cal Ga4b6]} (16. Nb3 $11) 16... Qc7 17.
Nb3 Ne5 18. Bd2 (18. c5 d5 19. cxd6 Bxd6 20. Bg5 $11) 18... Bxd2 (18... a5 19.
Bxb4 (19. Rbc1 $11) 19... axb4 20. Nac5 d6 21. Nxb7 Qxb7 22. f4 Nc6 23. e5 $36)
19. Nxd2 d6 {Wir haben eine Igelstellung, in der Weiß - wie üblich - zwar über
Raumvorteil, Schwarz aber über eine elastische Stellung verfügt.} 20. b4 (20.
f4 Nc6 $11 {[%cal Gc6d4]}) 20... Rac8 21. Rfc1 Bc6 $5 {[%mdl 2048] Dieser
Läuferzug ist eine Provokation. In der Folge entwickelt sich ein scharfer
taktischer Kampf.} (21... Ned7) 22. b5 $13 (22. Nc3 $11) 22... Be8 23. f4 (23.
b6 Qc6) 23... Ned7 {[%cal Gd7c5,Gd7b6]} 24. b6 {Der weiß Pb6 wirkt sehr stark,
aber Weiß hat auch seine Probleme: der Na4 hängt, und Schwarz hat Motive auf
der Diagonale a7 - g1.} (24. bxa6 Qa7+ 25. c5 Nb8 (25... Nxc5 26. Nxc5 Rxc5 27.
Rxc5 Bc6 $13) 26. e5 $13) 24... Qc6 25. e5 (25. b7 Rb8 26. e5 Qxa4 27. exf6
Nxf6 $15 {Der Pb7 ist in Wirklichkeit eine Schwäche. Schwarz hat daher einfach
einen Bauern mehr.}) 25... Qxa4 26. exf6 Nxf6 {Schwarz hat einen Mehrbauern,
aber die Stellung ist noch nicht geklärt - Weiß verfügt über Initiative am
Damenflügel.} 27. Ra1 Qb4 28. Qe3 $6 {Weiß kümmert sich nicht um den Pa6 -
erst einmal verteidigt er seinen Pb6. Meiner Meinung nach ist dieser Zug zu
optimistisch.} (28. Rxa6 $5 Bc6 $13 (28... Bb5 29. Ra7 Qb2 (29... d5 30. b7 $16
) 30. Rb1 Bxc4 (30... Qd4+ 31. Qf2 Qxf2+ 32. Kxf2 $18) 31. Rxb2 Bxe2 32. b7 $16
{[%csl Gb7]}) (28... d5 $13)) 28... Ng4 29. Qd4 e5 $1 $36 {[%mdl 64] Mit
diesem Zug vertreibt Schwarz die gegnerische Dame von der wichtigen Diagonale
a7 - g1.} 30. fxe5 dxe5 31. Qxg4 Qc5+ 32. Kh1 Rxd2 33. Ra5 $2 (33. b7 Rcd8 $5 (
33... Rb8 34. Rxa6 Rxg2 35. Kxg2 Bc6+ 36. Kf1 (36. Kh3 Bxb7 {[%cal Rb7a6,Rb7c8,
Rc8h3]} 37. Rb1 h5 (37... Bg2+ $2 38. Kxg2 Rxb1 39. Ra8+ $18) 38. Qd7 Qc8 39.
Rd6 Qxd7+ 40. Rxd7 Bg2+ 41. Kxg2 Rxb1 $17) 36... Bxb7 37. Rb1 Qc7 (37... Qd5
38. cxd5 Bxa6+ 39. Kf2 Rxb1 40. Qa4 $18) 38. Rab6 h5 39. Qxh5 Qxc4+ $11 (39...
Bg2+ 40. Kxg2 Rxb6 41. Rxb6 Qxb6 42. Qxe5 $16)) 34. Rxa6 Rxg2 35. Kxg2 Bc6+ 36.
Rxc6 Qxc6+ 37. Qf3 e4 (37... Rd2+ $2 38. Kg1) 38. Qb3 Rb8 39. Rb1 e3+ 40. Kg1
Qf3 41. Rf1 Qxb7 42. Qxe3 $11) 33... Qf2 $17 34. Rg1 (34. Qf3 Qxb6 35. Rxe5
Rxg2 (35... Bc6 $2 36. Qxc6 $18) 36. Qxg2 Bc6 37. Rd5 $17) 34... Bd7 $1 35. Qe4
Qxb6 36. Rxe5 g6 37. Qe1 (37. Qf4 Rf2 38. Qh4 Rxg2 39. Rxg2 Bc6 40. Re1 Qb2 41.
Qh3 f5 $19 {[%csl Rg2,Rh1][%cal Rc6h1]}) 37... Qb2 $19 {[%cal Rb2h2] Schwarz
hat nicht nur einen Mehrbauern, sondern auch entscheidenden Druck auf der 2.
Reihe.} 38. Rd5 Re2 39. Qa5 Bh3 0-1